[Event "2. Bundesliga West 2011/12"]
[Site "Salzburg"]
[Date "2012.03.11"]
[Round "11"]
[Board "2"]
[White "Fuchs, Georg"]
[Black "Weindl, Alfred"]
[Result "1-0"]
[WhiteElo "2289"]
[BlackElo "2339"]
[PlyCount "55"]
[EventDate "2011.10.07"]
[EventType "team"]
[EventRounds "11"]
[EventCountry "AUT"]
[WhiteTeam "Schwaz"]
[BlackTeam "Bregenz"]

1. e4 c5 2. Nf3 Nc6 3. Nc3 d6 4. d4 cxd4 5. Nxd4 Nf6 6. f3 e6 7. Be3 Be7 8. Qd2
O-O 9. O-O-O a6 10. g4 Nxd4 11. Bxd4 Nd7 12. h4 b5 13. g5 Bb7 14. g6 fxg6 15.
h5 e5 16. Be3 gxh5 17. Rxh5 Rxf3 18. Bh3 Nf8 19. Rg1 Rf7 20. Bf5 Rxf5 21. exf5
Kh8 22. Nd5 Rc8 23. Bh6 Bf6 24. Nxf6 Qxf6 25. Bxg7+ Qxg7 26. Rxg7 Kxg7 27. Qxd6
Bf3 28. Qe7+ 1-0

[Event "2. Bundesliga West 2011/12"]
[Site "Salzburg"]
[Date "2012.03.11"]
[Round "11"]
[Board "3"]
[White "Dobosz, Henryk"]
[Black "Blaas, Hansjoerg"]
[Result "1/2-1/2"]
[WhiteElo "2396"]
[BlackElo "2234"]
[PlyCount "45"]
[EventDate "2011.10.07"]
[EventType "team"]
[EventRounds "11"]
[EventCountry "AUT"]
[WhiteTeam "Bregenz"]
[BlackTeam "Schwaz"]

1. Nf3 c5 2. g3 Nc6 3. Bg2 g6 4. c3 Bg7 5. d4 cxd4 6. cxd4 d5 7. Nc3 Nf6 8. O-O
O-O 9. Ne5 Bd7 10. f4 e6 11. Be3 Rc8 12. Kh1 Ne8 13. Bg1 Nd6 14. Rc1 f6 15. Nd3
Kh8 16. e3 f5 17. g4 fxg4 18. Ne5 Nxe5 19. dxe5 Nb5 20. Qxg4 Nxc3 21. bxc3 Qa5
22. Rf3 Kg8 23. Rh3 1/2-1/2

[Event "2. Bundesliga West 2011/12"]
[Site "Salzburg"]
[Date "2012.03.11"]
[Round "11"]
[Board "4"]
[White "Gruber, Michael"]
[Black "Herbrechtsmeier, Christof"]
[Result "0-1"]
[WhiteElo "2125"]
[BlackElo "2246"]
[PlyCount "104"]
[EventDate "2011.10.07"]
[EventType "team"]
[EventRounds "11"]
[EventCountry "AUT"]
[WhiteTeam "Schwaz"]
[BlackTeam "Bregenz"]

1. e4 g6 2. d4 Bg7 3. Nf3 c5 4. c3 cxd4 5. cxd4 d5 6. Bb5+ Bd7 7. Bxd7+ Nxd7 8.
e5 e6 9. Nc3 f6 10. exf6 Ngxf6 11. O-O O-O 12. Bg5 Qb6 13. Re1 Qxb2 14. Na4 Qa3
15. Rxe6 Rfe8 16. Qb3 Qxb3 17. Rxe8+ Rxe8 18. axb3 Ne4 19. Be3 Rc8 20. Rc1
Rxc1+ 21. Bxc1 b5 22. Nb2 a5 23. Bf4 Bf8 24. Ne1 Bb4 25. Ned3 Bc3 26. Be3 Nb6
27. Nd1 Bd2 28. f3 Bxe3+ 29. Nxe3 Nc3 30. Kf2 a4 31. bxa4 bxa4 32. Ke1 Nc4 33.
Nxc4 dxc4 34. Nb4 a3 35. Kd2 a2 36. Nc2 Nb5 37. Ke3 Kf7 38. Ke4 Ke6 39. h4 Na3
40. Na1 Nb1 41. d5+ Kd6 42. Nc2 Nc3+ 43. Kd4 Nxd5 44. g4 c3 45. Na1 Ke6 46. f4
Nxf4 47. Kxc3 Ng2 48. h5 g5 49. Kd4 Nf4 50. Ke4 Nd5 51. Nb3 Nf6+ 52. Kf3 Kd5
0-1

[Event "2. Bundesliga West 2011/12"]
[Site "Salzburg"]
[Date "2012.03.11"]
[Round "11"]
[Board "5"]
[White "Poettinger, Harald"]
[Black "Kondrak, Christof"]
[Result "1-0"]
[WhiteElo "2200"]
[BlackElo "2176"]
[PlyCount "147"]
[EventDate "2011.10.07"]
[EventType "team"]
[EventRounds "11"]
[EventCountry "AUT"]
[WhiteTeam "Bregenz"]
[BlackTeam "Schwaz"]

1. c4 c6 2. g3 d5 3. Bg2 dxc4 4. Nf3 f6 5. Na3 Be6 6. Qc2 b5 7. b3 cxb3 8. axb3
Qd7 9. O-O Bh3 10. Bxh3 Qxh3 11. Nxb5 Qd7 12. Na3 a6 13. Nc4 Ra7 14. d4 g5 15.
Rd1 g4 16. Nh4 Bh6 17. e4 Bxc1 18. Raxc1 Nh6 19. Ne3 O-O 20. Qc5 e6 21. d5 cxd5
22. exd5 exd5 23. Rxd5 Qb7 24. Rh5 Nf7 25. Nxg4 Nd7 26. Qf5 Ng5 27. Nxf6+ Nxf6
28. Qxg5+ Qg7 29. Qxg7+ Rxg7 30. Rf5 Rb7 31. Rc6 Ne4 32. Rxf8+ Kxf8 33. Rxa6
Rxb3 34. Ra4 Nf6 35. h3 h5 36. Kg2 Kf7 37. Ra5 Rb2 38. Nf3 Kg6 39. Ne5+ Kh6 40.
Nd3 Rb3 41. Nf4 Rb6 42. h4 Rb2 43. Rg5 Rb6 44. Nd5 Nxd5 45. Rxd5 Rb3 46. Rd6+
Kg7 47. Re6 Ra3 48. Re3 Ra2 49. Re5 Kh6 50. Kf3 Ra4 51. Ke3 Rg4 52. Re4 Rg8 53.
Re6+ Kh7 54. Kf4 Rg4+ 55. Kf5 Rg8 56. Kf4 Rg4+ 57. Kf3 Rg8 58. Rf6 Kg7 59. Rf5
Kh6 60. Kg2 Rg7 61. f3 Ra7 62. Rf6+ Kg7 63. Re6 Ra2+ 64. Kf1 Ra3 65. Kf2 Rb3
66. Ke2 Ra3 67. Rd6 Kh7 68. Rd3 Ra7 69. Ke3 Re7+ 70. Kf4 Rf7+ 71. Ke5 Re7+ 72.
Kf6 Ra7 73. f4 Ra6+ 74. Kg5 1-0

[Event "2. Bundesliga West 2011/12"]
[Site "Salzburg"]
[Date "2012.03.11"]
[Round "11"]
[Board "6"]
[White "Binder, Moriz"]
[Black "Mira, Helene"]
[Result "0-1"]
[WhiteElo "1969"]
[BlackElo "2083"]
[PlyCount "80"]
[EventDate "2011.10.07"]
[EventType "team"]
[EventRounds "11"]
[EventCountry "AUT"]
[WhiteTeam "Schwaz"]
[BlackTeam "Bregenz"]

1. d4 d6 2. Nf3 Nf6 3. g3 c6 4. c4 Qc7 5. Nc3 e5 6. d5 Be7 7. Bg2 O-O 8. O-O a5
9. Ne1 Na6 10. b3 Bd7 11. Ba3 cxd5 12. Bxd5 Nb4 13. Rc1 Nbxd5 14. cxd5 Qb8 15.
b4 b5 16. bxa5 Rxa5 17. Bb4 Ra7 18. Nd3 Bh3 19. Re1 Rc8 20. Qb3 Bf8 21. Ba3 Bd7
22. Rb1 Qa8 23. Bb4 Rac7 24. e4 g6 25. Nb2 h5 26. a4 bxa4 27. Nbxa4 Qa6 28. Ra1
Qb7 29. Reb1 Rc4 30. f3 Qc7 31. Ne2 Rb8 32. Nec3 Rcxb4 33. Qxb4 Rxb4 34. Rxb4
Qa7+ 35. Kg2 Qe3 36. Rb2 g5 37. Re2 Qd3 38. Raa2 g4 39. f4 exf4 40. gxf4 Bxa4
0-1

[Event "2. Bundesliga West 2011/12"]
[Site "Salzburg"]
[Date "2012.03.11"]
[Round "11"]
[Board "1"]
[White "Medvegy, Zoltan"]
[Black "Atlas, Dmitry"]
[Result "1-0"]
[WhiteElo "2531"]
[BlackElo "2291"]
[PlyCount "57"]
[EventDate "2011.10.07"]
[EventType "team"]
[EventRounds "11"]
[EventCountry "AUT"]
[WhiteTeam "ATSV Ranshofen"]
[BlackTeam "Hohenems 2"]

1. c4 e6 2. g3 d5 3. Nf3 Nf6 4. Bg2 Be7 5. d4 O-O 6. O-O b6 7. cxd5 exd5 8. Nc3
Bb7 9. Bf4 c6 10. Qa4 a5 11. Ne5 Nfd7 12. e4 Nxe5 13. Bxe5 dxe4 14. Bxe4 Bd6
15. Rfe1 Ra7 16. Rad1 Ba8 17. Qb3 Rd7 18. Bf5 Qc7 19. Bxd7 Nxd7 20. Bxd6 Qxd6
21. Qc2 Nf6 22. Ne4 Nxe4 23. Qxe4 h6 24. a3 c5 25. d5 Qf6 26. Rd2 b5 27. Qe7
Qb6 28. Qd7 Qb8 29. Rde2 1-0

[Event "2. Bundesliga West 2011/12"]
[Site "Salzburg"]
[Date "2012.03.11"]
[Round "11"]
[Board "2"]
[White "Gaertner, Guntram"]
[Black "Dovzik, Juri"]
[Result "1/2-1/2"]
[WhiteElo "2324"]
[BlackElo "2341"]
[PlyCount "103"]
[EventDate "2011.10.07"]
[EventType "team"]
[EventRounds "11"]
[EventCountry "AUT"]
[WhiteTeam "Hohenems 2"]
[BlackTeam "ATSV Ranshofen"]

1. d4 d5 2. c4 c6 3. cxd5 cxd5 4. Nf3 Nf6 5. Nc3 Nc6 6. Bf4 e6 7. e3 a6 8. Rc1
Be7 9. Bd3 O-O 10. Ne5 Nxe5 11. Bxe5 Bd7 12. O-O Bc6 13. h3 Qa5 14. Qe2 Rfc8
15. a3 Qd8 16. Bxf6 Bxf6 17. f4 g6 18. g4 Bg7 19. g5 Be8 20. h4 f6 21. Qg4 f5
22. Qe2 Rc7 23. Rc2 Rac8 24. Rfc1 Bf8 25. Nb1 h5 26. Rxc7 Rxc7 27. Rxc7 Qxc7
28. Qc2 Qxc2 29. Bxc2 Kf7 30. Nd2 Ke7 31. Nf3 Kd6 32. Kf2 Kc7 33. Ke2 Bd6 34.
Kd2 b5 35. b4 a5 36. Kc3 axb4+ 37. axb4 Kb6 38. Ne1 Bd7 39. Nd3 Bc8 40. Ne5
Bxe5 41. dxe5 Bd7 42. Kd4 Be8 43. Bb3 Bf7 44. Bd1 Kc6 45. Bf3 Kb6 46. Bh1 Kc6
47. Bg2 Kb6 48. Bh3 Kc6 49. Bf1 Kb6 50. Bd3 Kc6 51. Bb1 Kb6 52. Ba2 1/2-1/2

[Event "2. Bundesliga West 2011/12"]
[Site "Salzburg"]
[Date "2012.03.11"]
[Round "11"]
[Board "3"]
[White "Ager, Josef"]
[Black "Burschowsky, Matthias"]
[Result "0-1"]
[WhiteElo "2195"]
[BlackElo "2229"]
[PlyCount "82"]
[EventDate "2011.10.07"]
[EventType "team"]
[EventRounds "11"]
[EventCountry "AUT"]
[WhiteTeam "ATSV Ranshofen"]
[BlackTeam "Hohenems 2"]

1. Nf3 Nf6 2. c4 c5 3. Nc3 Nc6 4. g3 g6 5. Bg2 Bg7 6. O-O O-O 7. d3 a6 8. Be3
d6 9. Qc1 Ng4 10. Bg5 Rb8 11. h3 Nge5 12. Ne1 Nd4 13. Nc2 Nxc2 14. Qxc2 h6 15.
Bd2 Bd7 16. Rab1 Nc6 17. a3 b5 18. cxb5 axb5 19. b4 Nd4 20. Qc1 Kh7 21. bxc5
dxc5 22. Re1 c4 23. dxc4 bxc4 24. Rxb8 Qxb8 25. Be3 Nb3 26. Qc2 Bf5 27. Ne4 Rc8
28. g4 Be6 29. Rb1 Qe5 30. f4 Qa5 31. Ng3 Bd4 32. Bxd4 Nxd4 33. Qe4 Qc5 34. e3
Nb3 35. Rb2 c3 36. Rc2 Na1 37. Rc1 Qxa3 38. Ne2 c2 39. f5 Bc4 40. fxg6+ fxg6
41. Rf1 Qd6 0-1

[Event "2. Bundesliga West 2011/12"]
[Site "Salzburg"]
[Date "2012.03.11"]
[Round "11"]
[Board "4"]
[White "Sandholzer, Robert"]
[Black "Riediger, Martin"]
[Result "0-1"]
[WhiteElo "2158"]
[BlackElo "2232"]
[PlyCount "68"]
[EventDate "2011.10.07"]
[EventType "team"]
[EventRounds "11"]
[EventCountry "AUT"]
[WhiteTeam "Hohenems 2"]
[BlackTeam "ATSV Ranshofen"]

1. e4 c5 2. c3 e6 3. d4 d5 4. exd5 exd5 5. Be3 c4 6. b3 cxb3 7. axb3 Nc6 8. Bd3
Bd6 9. Qf3 Nge7 10. Ne2 Be6 11. Ng3 Qd7 12. h3 O-O 13. O-O f5 14. Ne2 f4 15.
Bxf4 Rxf4 16. Nxf4 Rf8 17. Bxh7+ Kxh7 18. Qh5+ Kg8 19. Nxe6 Qxe6 20. Nd2 Rf5
21. Qe8+ Rf8 22. Qh5 Rf5 23. Qe8+ Kh7 24. Rfe1 Qh6 25. Nf1 Qf4 26. Re2 Rg5 27.
Rae1 Nf5 28. Qc8 Nce7 29. Qxb7 Rxg2+ 30. Kxg2 Nh4+ 31. Kg1 Qf3 32. Ne3 Qxh3 33.
f4 Qg3+ 34. Kh1 Nf3 0-1

[Event "2. Bundesliga West 2011/12"]
[Site "Salzburg"]
[Date "2012.03.11"]
[Round "11"]
[Board "5"]
[White "Spiesberger, Gerhard"]
[Black "Jedlicka, Robert"]
[Result "1-0"]
[WhiteElo "2140"]
[BlackElo "1977"]
[PlyCount "129"]
[EventDate "2011.10.07"]
[EventType "team"]
[EventRounds "11"]
[EventCountry "AUT"]
[WhiteTeam "ATSV Ranshofen"]
[BlackTeam "Hohenems 2"]

1. e4 e6 2. d4 d5 3. exd5 exd5 4. Bd3 Nc6 5. Nf3 Bd6 6. O-O Nge7 7. Re1 O-O 8.
Nbd2 Bf5 9. Nf1 Qd7 10. c3 Rfe8 11. Ne3 Bxd3 12. Qxd3 a6 13. Bd2 Ng6 14. Nxd5
Bxh2+ 15. Kxh2 Qxd5 16. c4 Qh5+ 17. Kg1 Qg4 18. d5 Nce5 19. Nxe5 Nxe5 20. Qe4
Qxe4 21. Rxe4 f5 22. Rd4 a5 23. Kf1 b6 24. Bf4 c5 25. dxc6 Nxc6 26. Rd6 Re4 27.
Rxc6 Rxf4 28. b3 a4 29. Rd1 axb3 30. axb3 b5 31. Rc7 bxc4 32. bxc4 h6 33. f3
Ra4 34. c5 Ra2 35. Rdd7 Rc4 36. Rxg7+ Kh8 37. Kg1 Rxc5 38. Rxc5 Kxg7 39. Rxf5
Kg6 40. Rf8 Kg7 41. Rf4 h5 42. Kh2 Kg6 43. Kh3 Kg5 44. Rb4 Ra5 45. g3 Ra1 46.
f4+ Kg6 47. Rb6+ Kg7 48. Kh4 Rh1+ 49. Kg5 h4 50. Rh6 h3 51. g4 h2 52. f5 Kf7
53. Rh7+ Kg8 54. Rh3 Kg7 55. Kh5 Kf7 56. g5 Rf1 57. Rxh2 Rxf5 58. Kh6 Rf1 59.
Kh7 Rg1 60. Rf2+ Ke6 61. g6 Rh1+ 62. Kg8 Rh3 63. g7 Ke7 64. Re2+ Kf6 65. Kf8
1-0

[Event "2. Bundesliga West 2011/12"]
[Site "Salzburg"]
[Date "2012.03.11"]
[Round "11"]
[Board "6"]
[White "Medwed, Kai"]
[Black "Fruehauf, Norbert"]
[Result "0-1"]
[WhiteElo "1950"]
[BlackElo "2049"]
[PlyCount "119"]
[EventDate "2011.10.07"]
[EventType "team"]
[EventRounds "11"]
[EventCountry "AUT"]
[WhiteTeam "Hohenems 2"]
[BlackTeam "ATSV Ranshofen"]

1. e4 d5 2. exd5 Qxd5 3. Nc3 Qd6 4. d4 Nf6 5. Bc4 Bg4 6. f3 Bh5 7. Nge2 c6 8.
Bf4 Qb4 9. Bb3 e6 10. Qd2 Nbd7 11. O-O-O O-O-O 12. a3 Qa5 13. Ne4 Qxd2+ 14.
Rxd2 Nb6 15. Nxf6 gxf6 16. c4 Bg7 17. h4 h6 18. Be3 Kc7 19. Rhd1 Bg6 20. Nf4 h5
21. Nxg6 fxg6 22. d5 cxd5 23. cxd5 Nxd5 24. Rc2+ Kb8 25. Bxd5 exd5 26. Bf4+ Ka8
27. Rc7 Rc8 28. Rxd5 Bh6 29. Bxh6 Rxc7+ 30. Kd2 Rcc8 31. Be3 Rhd8 32. Rd3 Rxd3+
33. Kxd3 b6 34. Bd4 f5 35. Ke3 Rc4 36. b3 Rc2 37. g3 Kb7 38. Kf4 Rd2 39. Be5
Rd5 40. Bf6 Rd3 41. Be5 Kc6 42. Kg5 Rxf3 43. Kxg6 Kd5 44. Bf4 Ke6 45. Kxh5 Rxb3
46. Kg6 Rxa3 47. h5 Rc3 48. h6 b5 49. h7 Rc8 50. Bc1 a5 51. Bb2 b4 52. h8=Q
Rxh8 53. Bxh8 a4 54. Bb2 a3 55. Bc1 Ke5 56. Kg5 Ke4 57. Kf6 Kd3 58. Kxf5 Kc2
59. Bf4 b3 60. Ke5 0-1

[Event "2. Bundesliga West 2011/12"]
[Site "Salzburg"]
[Date "2012.03.11"]
[Round "11"]
[Board "1"]
[White "Zelcic, Robert"]
[Black "Deglmann, Ludwig"]
[Result "0-1"]
[WhiteElo "2558"]
[BlackElo "2324"]
[PlyCount "99"]
[EventDate "2011.10.07"]
[EventType "team"]
[EventRounds "11"]
[EventCountry "AUT"]
[WhiteTeam "Schwarzach"]
[BlackTeam "Sparkasse Jenbach 2"]

1. e4 e6 2. d4 d5 3. Nc3 Bb4 4. e5 c5 5. Bd2 cxd4 6. Nb5 Bc5 7. Qg4 Kf8 8. Nf3
Nc6 9. O-O-O a6 10. Nbxd4 Bxd4 11. Nxd4 Nxe5 12. Qg3 Nc6 13. c4 Nxd4 14. Bb4+
Ne7 15. Rxd4 Kg8 16. Rd2 Nc6 17. Bc3 d4 18. Bxd4 Nxd4 19. Qe5 f6 20. Rxd4 Qe7
21. Qa5 Kf7 22. f4 Bd7 23. Be2 Bc6 24. Rhd1 Rhc8 25. Bf3 Bxf3 26. gxf3 Rc5 27.
Qe1 Rc7 28. Kb1 Rac8 29. Qe2 Kg8 30. a3 h6 31. Re4 Rc6 32. f5 e5 33. f4 Qf7 34.
Rd5 b5 35. fxe5 fxe5 36. Rdxe5 bxc4 37. Re8+ Kh7 38. Rxc8 Rxc8 39. Qc2 Kh8 40.
Re6 a5 41. Re5 Qf6 42. Rb5 Qd4 43. Rxa5 c3 44. Ra4 Qf6 45. Rb4 Rc6 46. bxc3
Rxc3 47. Qa4 Qxf5+ 48. Kb2 Rc8 49. Rc4 Qe5+ 50. Kb3 0-1

[Event "2. Bundesliga West 2011/12"]
[Site "Salzburg"]
[Date "2012.03.11"]
[Round "11"]
[Board "2"]
[White "Reich, Thomas"]
[Black "Krstic, Uros"]
[Result "0-1"]
[WhiteElo "2388"]
[BlackElo "2459"]
[PlyCount "64"]
[EventDate "2011.10.07"]
[EventType "team"]
[EventRounds "11"]
[EventCountry "AUT"]
[WhiteTeam "Sparkasse Jenbach 2"]
[BlackTeam "Schwarzach"]

1. d4 Nf6 2. Bf4 d6 3. Nc3 c6 4. e4 Qa5 5. Bd2 Qb6 6. Nf3 Bg4 7. Na4 Qc7 8. h3
Bh5 9. Nc3 e5 10. g4 Bg6 11. Qe2 Nbd7 12. dxe5 dxe5 13. Nh4 Nc5 14. f3 Ne6 15.
Qf2 Bc5 16. Be3 Qb6 17. Nd1 Nd7 18. c3 Nf4 19. b4 Bxe3 20. Nxe3 a5 21. Nc4
Qxf2+ 22. Kxf2 axb4 23. cxb4 Ke7 24. Na5 c5 25. a3 Rhc8 26. Bb5 cxb4 27. axb4
Rc2+ 28. Kg3 Nf6 29. Bf1 Rac8 30. Nxb7 Nxe4+ 31. fxe4 R8c3+ 32. Nf3 Bxe4 0-1

[Event "2. Bundesliga West 2011/12"]
[Site "Salzburg"]
[Date "2012.03.11"]
[Round "11"]
[Board "3"]
[White "Brumen, Dinko"]
[Black "Micheli, Carlo"]
[Result "1/2-1/2"]
[WhiteElo "2347"]
[BlackElo "2268"]
[PlyCount "117"]
[EventDate "2011.10.07"]
[EventType "team"]
[EventRounds "11"]
[EventCountry "AUT"]
[WhiteTeam "Schwarzach"]
[BlackTeam "Sparkasse Jenbach 2"]

1. d4 Nf6 2. Nf3 g6 3. g3 Bg7 4. Bg2 O-O 5. c4 d6 6. O-O a6 7. Nc3 Nbd7 8. e4
e5 9. d5 b5 10. Nd2 Rb8 11. cxb5 axb5 12. b4 Nb6 13. Re1 Bd7 14. Bf1 Qe8 15.
Nb3 Na4 16. Qc2 Nxc3 17. Qxc3 c6 18. dxc6 Bxc6 19. Bg2 d5 20. exd5 Nxd5 21. Qc5
Qd7 22. Bb2 Rfe8 23. Rad1 Rbd8 24. a3 Bf8 25. Qc1 f6 26. Nc5 Qf7 27. Ne4 Ba8
28. Qa1 Nb6 29. f4 Rxd1 30. Qxd1 Nc4 31. Bc3 f5 32. Nc5 Bxg2 33. Kxg2 e4 34.
Kh3 h6 35. Nd7 Bg7 36. Bxg7 Qxg7 37. Qd5+ Kh7 38. Qxb5 Rc8 39. Nf6+ Kh8 40. Qa6
Rf8 41. Qxc4 Qxf6 42. Rd1 g5 43. fxg5 hxg5 44. a4 e3 45. Qe2 g4+ 46. Kg2 Qc6+
47. Kg1 Qxa4 48. Qb2+ Kg8 49. Rd6 Qa7 50. Qd4 Qxd4 51. Rxd4 Ra8 52. Kf1 Kf7 53.
Ke2 Ra2+ 54. Kxe3 Rxh2 55. Rd2 Rh1 56. Kd4 Ke6 57. b5 Rb1 58. Kc5 f4 59. gxf4
1/2-1/2

[Event "2. Bundesliga West 2011/12"]
[Site "Salzburg"]
[Date "2012.03.11"]
[Round "11"]
[Board "4"]
[White "Hoellrigl, Wilfried"]
[Black "Hecht, Hans-Joachim"]
[Result "0-1"]
[WhiteElo "2186"]
[BlackElo "2383"]
[PlyCount "138"]
[EventDate "2011.10.07"]
[EventType "team"]
[EventRounds "11"]
[EventCountry "AUT"]
[WhiteTeam "Sparkasse Jenbach 2"]
[BlackTeam "Schwarzach"]

1. e4 e5 2. Nf3 Nc6 3. Bb5 Nf6 4. Qe2 Be7 5. c3 O-O 6. O-O d6 7. h3 a6 8. Ba4
b5 9. Bc2 Re8 10. Re1 Bf8 11. d3 h6 12. Nbd2 Ne7 13. Nf1 Ng6 14. N3h2 d5 15. a4
c6 16. Ng3 Be6 17. Ng4 Nxg4 18. hxg4 Nf4 19. Qf3 Qg5 20. Nf5 dxe4 21. dxe4 g6
22. g3 gxf5 23. exf5 Bd5 24. Be4 Bd6 25. Bxd5 cxd5 26. gxf4 exf4 27. Bd2 h5 28.
Qxd5 Qxg4+ 29. Qg2 f3 30. Qxg4+ hxg4 31. Bg5 b4 32. Bf6 b3 33. Red1 Bc5 34. Rd5
Rac8 35. Rad1 g3 36. Bd4 Bxd4 37. R5xd4 gxf2+ 38. Kxf2 Re2+ 39. Kxf3 Rxb2 40.
Rd8+ Rxd8 41. Rxd8+ Kg7 42. Rd6 a5 43. Ra6 Rb1 44. Rb6 b2 45. Kg2 f6 46. Kh2
Kh6 47. Rxf6+ Kg5 48. Rb6 Kxf5 49. c4 Ke5 50. c5 Kd5 51. c6 Kd6 52. Kg2 Kc7 53.
Rb5 Kxc6 54. Kh2 Ra1 55. Rxb2 Rxa4 56. Kg2 Rf4 57. Kg3 Rf8 58. Rb1 a4 59. Rc1+
Kb5 60. Rb1+ Kc4 61. Rc1+ Kb3 62. Rb1+ Kc2 63. Rb7 a3 64. Rc7+ Kb2 65. Rb7+ Ka1
66. Rb3 a2 67. Rb7 Rf1 68. Kg2 Rb1 69. Rf7 Kb2 0-1

[Event "2. Bundesliga West 2011/12"]
[Site "Salzburg"]
[Date "2012.03.11"]
[Round "11"]
[Board "6"]
[White "Schnegg, Anna-Lena"]
[Black "Stoeckl, Norbert"]
[Result "1-0"]
[WhiteElo "2017"]
[BlackElo "2057"]
[PlyCount "79"]
[EventDate "2011.10.07"]
[EventType "team"]
[EventRounds "11"]
[EventCountry "AUT"]
[WhiteTeam "Sparkasse Jenbach 2"]
[BlackTeam "Schwarzach"]

1. e4 c5 2. Nf3 e6 3. d4 cxd4 4. Nxd4 a6 5. c4 Nf6 6. Nc3 Qc7 7. Be2 Bb4 8. Qc2
Nc6 9. Nxc6 Qxc6 10. O-O Bxc3 11. Qxc3 Qxe4 12. Bf3 Qf5 13. c5 O-O 14. Re1 h6
15. Re5 Qg6 16. Bf4 Nh7 17. Bh5 Qf6 18. Qg3 Re8 19. h4 Nf8 20. Re4 Ng6 21. Bxg6
Qxg6 22. Qxg6 fxg6 23. Bc7 Rf8 24. a4 a5 25. Rc1 Rf5 26. Rd4 h5 27. f4 Kf7 28.
g3 Ke8 29. Rd6 Ke7 30. Bb6 Ra6 31. Re1 Rxb6 32. Rxb6 Rxc5 33. Rb5 Rc2 34. Rxa5
b6 35. Rb5 Rc6 36. Re3 Ba6 37. Rb4 Rc1+ 38. Kf2 Rc6 39. Reb3 Rc2+ 40. Ke1 1-0